Get the right PPE for the job (Record no. 82971)

MARC details
000 -LEADER
fixed length control field 00738cab a22001935a 4500
001 - CONTROL NUMBER
control field L152454
008 - FIXED-LENGTH DATA ELEMENTS--GENERAL INFORMATION
fixed length control field 110309e20110120xxk 000 0 eng d
035 ## - SYSTEM CONTROL NUMBER
System control number (Sirsi) u152454
041 0# - LANGUAGE CODE
Language code of text/sound track or separate title eng
100 1# - MAIN ENTRY--PERSONAL NAME
Personal name Boley, James
245 00 - TITLE STATEMENT
Title Get the right PPE for the job
Remainder of title choosing high-visibility clothing is about more than just buying something brightly coloured
260 ## - PUBLICATION, DISTRIBUTION, ETC.
Date of publication, distribution, etc. 2011
490 ## - SERIES STATEMENT
Series statement Construction News
Volume/sequential designation (7207) 3 March 2011, 34(1)
520 ## - SUMMARY, ETC.
Summary, etc. High-visibility clothing is ubiquitous on construction sites but there is a real danger that the clothing your staff are wearing is not actually compliant with European standards.
590 ## - LOCAL NOTE (RLIN)
Local note KA
651 #4 - SUBJECT ADDED ENTRY--GEOGRAPHIC NAME
Geographic name United Kingdom
Chronological subdivision
690 ## - LOCAL SUBJECT ADDED ENTRY--TOPICAL TERM (OCLC, RLIN)
Topical term or geographic name as entry element Health and safety
9 (RLIN) 6244
942 ## - ADDED ENTRY ELEMENTS (KOHA)
Suppress in OPAC 0
Holdings
Withdrawn status Lost status Source of classification or shelving scheme Damaged status Not for loan Home library Current library Shelving location Date acquired Total Checkouts Full call number Barcode Date last seen Copy number Price effective from Koha item type
    Dewey Decimal Classification     London London Journal article 09/03/2011   L152454 152454-1001 06/08/2019 1 06/08/2019 Journal article